000 00431nam a2200169Ia 4500
008 230524s9999 xx 000 0 und d
082 _a612
_bCAR
100 _aJohn Crawford Adams
245 0 _aOutline of Orthopaedics (Adam's) (13th ed.)
250 _a13TH
260 _aNEW YORK
_bElsevier
_c2005
300 _aVII;451
500 _aQuantity Number: 2
650 _aBiomedical
700 _a David L. Hamblen
942 _cBK
999 _c37546
_d37546